Hướng về khách hàng

Shranjeno v:
Bibliografske podrobnosti
Glavni avtor: NGUYỄN THƯỢNG THÁI
Format: Knjiga
Jezik:Undetermined
Izdano: Bưu điện 2001
Oznake: Označite
Brez oznak, prvi označite!
Thư viện lưu trữ: Trung tâm Học liệu Trường Đại học Cần Thơ
LEADER 00427nam a2200145Ia 4500
001 CTU_49744
008 210402s9999 xx 000 0 und d
082 |a 658.812 
082 |b Th103 
100 |a NGUYỄN THƯỢNG THÁI 
245 0 |a Hướng về khách hàng 
245 0 |c NGUYỄN THƯỢNG THÁI 
260 |b Bưu điện 
260 |c 2001 
980 |a Trung tâm Học liệu Trường Đại học Cần Thơ